Prípadové štúdie z obchodného práva

Salvato in:
Dettagli Bibliografici
Autore principale: Škrinár, Alexander
Altri autori: Nevolná, Zuzana, Kvokačka, Lukáš
Natura: Libro
Lingua:slovacco
Pubblicazione: Plzeň Vydavatelství a nakladatelství Aleš Čeněk 2010
Serie:Právnické učebnice
Soggetti:
Tags: Aggiungi Tag
Nessun Tag, puoi essere il primo ad aggiungerne!!

MARC

LEADER 00000nam a2200000 4500
001 0182957
005 20240226122831.8
020 |a 978-80-7380-290-5 
041 0 |a slo 
044 |a SK 
245 1 0 |a Prípadové štúdie z obchodného práva  |c Alexander Škrinár, Zuzana Nevolná, Lukáš Kvokačka 
264 1 |a Plzeň  |b Vydavatelství a nakladatelství Aleš Čeněk  |c 2010 
300 |a 206 s. 
490 1 |a Právnické učebnice 
830 0 |a Právnické učebnice 
610 2 0 |a právo obchodné 
610 2 0 |a zákonník obchodný 
610 2 0 |a podnikanie 
610 2 0 |a meno obchodné 
610 2 0 |a tajomstvo obchodné 
610 2 0 |a register obchodný 
610 2 0 |a cudzinci 
610 2 0 |a súťaž nekalá 
610 2 0 |a spoločnosti obchodné 
610 2 0 |a družstvá 
610 2 0 |a právo európske 
610 2 0 |a živnosti 
610 2 0 |a konanie konkurzné 
610 2 0 |a konanie rozhodcovské 
610 2 0 |a Slovensko 
610 2 0 |a Európska únia 
100 1 |a Škrinár, Alexander 
700 1 |a Nevolná, Zuzana 
700 1 |a Kvokačka, Lukáš